000 00653cam a22002171 4500
001 ne 68003025
003 DLC
005 20260227111845.0
008 930902s1968 ua b 000 0 arar
010 _ane 68003025
035 _a(OCoLC)28741385
040 _aDLC
_cCU
_dCU
_dDLC
050 0 0 _aBP184
_b.H86
100 1 _aḤuṣarī, Aḥmad.
245 1 0 _aMin al-fiqh al-Islāmī /
_cli-Aḥmad al-Ḥuṣarī.
260 _a[al-Qāhirah] :
_bMaktabat al-Kullīyāt al-Azharīyah,
_c1968.
300 _a466 p. ;
_c24 cm.
504 _aBibliographical footnotes.
505 0 _aal-Madkhal-- al-ʻibādāt.
650 0 _aIslam
_xCustoms and practices.
999 _c50665
_d50665